| 000 | 01422cam a2200349 i 4500 | ||
|---|---|---|---|
| 001 | 768714001 | ||
| 003 | CO-MdFUSB | ||
| 005 | 20250808170246.0 | ||
| 007 | ta | ||
| 008 | 930325t1993 -usb bd 001 0 eng | ||
| 020 | _a0195046455 | ||
| 040 |
_aDLC _beng _cCO-MdFUSB _dCO-MdFUSB _erda |
||
| 041 | _aeng | ||
| 082 |
_223 _a220.3 _bOX98 |
||
| 245 | 0 | 4 |
_aThe Oxford companion to the Bible _c/ editado por Bruce M. Metzger , Michael D. Coogan |
| 264 | 1 |
_aNew York : _bOxford University Press, _c[1993] |
|
| 264 | 4 | _c© 1993 | |
| 300 |
_a874 páginas : _bmapas a color ; _c25 cm. |
||
| 336 |
_atexto _btxt _2rdacontent. |
||
| 337 |
_asin mediación _bn _2rdamedia. |
||
| 338 |
_avolumen _bnc _2rdacarrier. |
||
| 504 | _aIncluye referencias bibliográficas (páginas 831-833) e índices. | ||
| 520 | _aLa Biblia ha tenido una influencia inconmensurable en la cultura occidental, tocando prácticamente todos los aspectos de nuestras vidas. Esta referencia autorizada de un volumen sobre las personas, los lugares, los eventos, los libros y la influencia secular de la Biblia fue escrita por más de 250 eruditos de 20 naciones. | ||
| 563 | _aPasta dura | ||
| 650 | 7 |
_9423 _aEnciclopedias y diccionarios |
|
| 650 | 0 |
_aBiblia _916 |
|
| 700 | 1 |
_aMetzger, Bruce M. _q(Bruce Manning), _d1914-2007. _eeditor |
|
| 700 | 1 |
_aCoogan, Michael David. _eeditor |
|
| 942 | _cBK | ||
| 945 | _aJTF-925 | ||
| 999 |
_c68444 _d68444 |
||